000 01598cam a22001934a 4500
005 20250605163955.0
008 250528s ||||||||||||||||||||||||d
035 _a15452
020 _a870946846
040 _aGR-AtMCL
_bgre
_dGR-AtMCL
_eAACR2
245 1 _aThe Information-Based Corporation / Stakeholder Economics and the Technology Investment
260 _bDon Jones-Irwin,
_c1990
300 _a300
520 _aThis book offers new fundamental thinking and insights for senior information executives and chief executive officers as well. Preface, Acknowledgements, Discovering the Corporation's Leverage Points, Introduction: The New Management Challenge, Back to Basics: New Ways to Measure the Economic Impact of Information Technology, Assessing the Enterprise: A Stakeholder Approach, Strategy and Culture and the Infrastructure: Forming the New Organization, The Driving Force and the Functional Mission: Unity of Action, Environment and Market and Products and Services: Creating and Delivering Value, Determining Organizational and Technology Investment Actions, Establishing Goals and Objectives: Redefining the Economic Basis, Corporate Imperatives: Reaching Consensus on Key Assumptions and Corporate-Wide Actions, Establishing Actions and Priorities: Translating Corporate Imperatives into Action, Charting the Transition, Resource Management, Information as a Corporate Asset, Corporate Productivity, Making the Transition, Conclusion, Appendices, Glossary, Bibliography, Index.
700 1 _aVincept R. David
_91376
942 _cBK
999 _c1032
_d1032